000 00285nam a22001337a 4500
008 170203b xxu||||| |||| 00| 0 eng d
020 _a9781932703023
041 _aeng
080 _a61
100 _a3
101 _aSHN
245 _aINTERNAL MEDICINE
_cCROSS TOMAS
942 _2udc
_cBK
999 _c4553
_d4553